| 000 | 00502nam a2200217Ia 4500 | ||
|---|---|---|---|
| 001 | 13862 | ||
| 003 | GE_BSU | ||
| 008 | 181216s||||||||xx |||||||||||||| ||und|| | ||
| 020 | _a0340794178 | ||
| 040 | _cGE_BSU | ||
| 080 | _a821.111-3 | ||
| 100 | _aAubert,Brigitte. | ||
| 245 | _aDeath from the woods. | ||
| 245 | _cTranslated by David L.Koral. | ||
| 260 | _aLondon. | ||
| 260 | _bHodder & Stoughton. | ||
| 260 | _c1996 | ||
| 300 | _a308p;23cm. | ||
| 653 | _aDeath from the woods. | ||
| 942 | _cBK | ||
| 999 |
_c47007 _d47007 |
||